000 00433nam a2200181Ia 4500
001 10534
005 20260306161839.0
008 260306t2015||||xx |||||||||||||| ||spa||
041 _aESP
082 _a940.2
_bE42
100 _aElliott, John H.
_eAUT
245 0 _aEl viejo mundo y el nuevo (1492 - 1650)
260 _c2015
300 _a195 páginas :
_c18 cm.
650 _aGEN
654 _aCHU
942 _cLIB
_dJUS
_fJUS
_2ddc
_n
999 _c10534
_d10534